书目信息 |
| 题名: |
福布斯中国富豪传
|
|
| 作者: | 周忠 主编 | |
| 分册: | ||
| 出版信息: | 广州 广东旅游出版社 2002.03 |
|
| 页数: | 423页 | |
| 开本: | 21cm | |
| 丛书名: | ||
| 单 册: | ||
| 中图分类: | K825.38 | |
| 科图分类: | ||
| 主题词: | ||
| 电子资源: | ||
| ISBN: | 7-80653-304-4 | |
| 000 | 00579nam0 2200205 45 | |
| 001 | 012004000000 | |
| 005 | 20041013084231.59 | |
| 010 | @a7-80653-304-4@dCNY 25.00 | |
| 100 | @a20040630d2002 em y0chiy0121 ea | |
| 101 | 0 | @achi |
| 102 | @aCN@b440000 | |
| 105 | @ay z 000yd | |
| 200 | 1 | @a福布斯中国富豪传@Afu bu si zhong guo fu hao zhuan@f周忠主编 |
| 210 | @a广州@c广东旅游出版社@d2002.03 | |
| 215 | @a423页@d21cm | |
| 600 | 0 | @a企业家@x生平事迹@y中国 |
| 690 | @aK825.38@v4 | |
| 701 | 0 | @a周忠@Azhou zhong@4主编 |
| 801 | 0 | @aCN@bQSSK@c20041013 |
| 905 | @a10447@dK825.38@eZ812 | |
| 福布斯中国富豪传/周忠主编.-广州:广东旅游出版社,2002.03 |
| 423页;21cm |
| ISBN 7-80653-304-4:CNY 25.00 |
| ● |
| 相关链接 |
|
|
|
正题名:福布斯中国富豪传
索取号:K825.38/Z812
 
预约/预借
| 序号 | 登录号 | 条形码 | 馆藏地/架位号 | 状态 | 备注 |
| 1 | 399896 | 203998969 | 社科库309/ [索取号:K825.38/Z812] | 在馆 | |
| 2 | 399897 | 203998978 | 社科库309/309社科库 49排3列6层/ [索取号:K825.38/Z812] | 在馆 | |
| 3 | 399898 | 203998987 | 社科库309/309社科库 49排3列6层/ [索取号:K825.38/Z812] | 在馆 |